000
00302nam a22001337a 4500
008
170614b xxu||||| |||| 00| 0 eng d
020
_a
9780673394897
041
_a
eng
080
_a
32
100
_a
19
101
_a
SHP
245
_a
UNDERSTANDING POLITICAL DEVELOPMENT
_c
WEINER,M
942
_2
udc
_c
BK
999
_c
17305
_d
17305